[Event "17. Europa ch Juvenil - Masculino s12"]
[Site "Sibenik CRO"]
[Date "2007.09.16"]
[Round "3.11"]
[White "Pagerka, Martin"]
[Black "Eltigani, Omar"]
[Result "1/2-1/2"]
[WhiteElo "2094"]
[BlackElo "1912"]
[PlyCount "103"]
[EventDate "2007.09.14"]
[EventType "swiss"]
[EventRounds "9"]
[EventCountry "CRO"]
[Source "lmi"]
[SourceDate "2007.09.14"]

1. e4 c5 2. Nf3 e6 3. d4 cxd4 4. Nxd4 a6 5. Bd3 Bc5 6. Nb3 Be7 7. Qg4 Nf6 8.
Qg3 d6 9. O-O g6 10. Bh6 Nh5 11. Qe3 g5 12. e5 dxe5 13. Nc3 Nd7 14. Be2 Nf4 15.
Bg7 Rg8 16. Bxe5 Nxe5 17. Qxe5 Bd6 18. Qe3 Qc7 19. Ne4 Be5 20. Rad1 Rg6 21. g3
Bd7 22. Nec5 Bc6 23. Bf3 Nh3+ 24. Kh1 g4 25. Bxc6+ Qxc6+ 26. f3 Bc7 27. Qe4
Qxe4 28. Nxe4 f5 29. Nd6+ Bxd6 30. Rxd6 Ke7 31. Rb6 Rb8 32. Nc5 e5 33. Rb3 Rc6
34. Rc3 Rbc8 35. Na4 b5 36. Rxc6 Rxc6 37. Nc3 Ke6 38. fxg4 fxg4 39. a3 a5 40.
Rc1 b4 41. axb4 axb4 42. Ne2 Rc7 43. c3 bxc3 44. Nxc3 Nf2+ 45. Kg1 Nd3 46. Rf1
Nxb2 47. Ne4 h5 48. Rf2 Rc1+ 49. Kg2 Nc4 50. Re2 Nd6 51. Nf2 Kf5 52. Rxe5+
1/2-1/2

[Event "17. Europa ch Juvenil - Masculino s12"]
[Site "Sibenik CRO"]
[Date "2007.09.16"]
[Round "3.13"]
[White "Lukovic, Vladimir"]
[Black "Pardo Simon, David"]
[Result "1/2-1/2"]
[WhiteElo "1898"]
[BlackElo "2080"]
[PlyCount "53"]
[EventDate "2007.09.14"]
[EventType "swiss"]
[EventRounds "9"]
[EventCountry "CRO"]
[Source "lmi"]
[SourceDate "2007.09.14"]

1. e4 e5 2. Nf3 Nc6 3. Bb5 a6 4. Ba4 Nf6 5. O-O Nxe4 6. Re1 Nd6 7. Nxe5 Nxe5 8.
Rxe5+ Be7 9. Nc3 O-O 10. Nd5 Bf6 11. Nxf6+ Qxf6 12. d4 b5 13. Bb3 Bb7 14. Qg4
Ne4 15. f3 d6 16. Rxe4 Bxe4 17. Qxe4 Rae8 18. Qg4 Re1+ 19. Kf2 h5 20. Qxh5 Rfe8
21. Bg5 Qxd4+ 22. Kg3 Qe5+ 23. Kg4 Qd4+ 24. Kh3 d5 25. Rxe1 Rxe1 26. c3 Qe5 27.
Qg4 1/2-1/2

[Event "17. Europa ch Juvenil - Masculino s12"]
[Site "Sibenik CRO"]
[Date "2007.09.16"]
[Round "3.17"]
[White "Andersen, Mads"]
[Black "Yuksel, Atilla Koksal"]
[Result "1-0"]
[WhiteElo "2070"]
[BlackElo "1848"]
[PlyCount "125"]
[EventDate "2007.09.14"]
[EventType "swiss"]
[EventRounds "9"]
[EventCountry "CRO"]
[Source "lmi"]
[SourceDate "2007.09.14"]

1. e4 c5 2. Nf3 Nc6 3. d4 cxd4 4. Nxd4 Nf6 5. Nc3 d6 6. Bg5 e6 7. Qd2 a6 8.
O-O-O h6 9. Nxc6 bxc6 10. Bf4 d5 11. Qe3 Be7 12. Be2 Qa5 13. h4 dxe4 14. Qg3 g6
15. Be5 Rg8 16. Bxf6 Bxf6 17. Nxe4 Be5 18. Qd3 Qd5 19. Bf3 Qxd3 20. Rxd3 Ke7
21. Rhd1 Ra7 22. Nc5 Rc7 23. c3 g5 24. hxg5 hxg5 25. g3 g4 26. Bg2 Rh8 27. Bf1
Rh2 28. R3d2 a5 29. Ba6 Bxa6 30. Nxa6 Ra7 31. Nc5 f5 32. Re1 Bf6 33. Rxe6+ Kf7
34. Rde2 Re7 35. Rxe7+ Bxe7 36. b4 Bxc5 37. bxc5 f4 38. Kd1 f3 39. Rd2 Ke6 40.
Kc2 Ke5 41. Kb3 Rh1 42. Ka4 Re1 43. Kxa5 Re2 44. Rd4 Rxa2+ 45. Kb6 Rxf2 46.
Rxg4 Rc2 47. c4 f2 48. Rf4 Rxc4 49. Rxf2 Rg4 50. Kxc6 Rxg3 51. Rd2 Ke6 52. Re2+
Kf7 53. Kc7 Rc3 54. c6 Rc1 55. Kb7 Rb1+ 56. Kc8 Rc1 57. c7 Rb1 58. Re4 Kf8 59.
Kd7 Rd1+ 60. Kc6 Rc1+ 61. Kd6 Rd1+ 62. Kc5 Rc1+ 63. Rc4 1-0

[Event "17. Europa ch Juvenil - Masculino s12"]
[Site "Sibenik CRO"]
[Date "2007.09.16"]
[Round "3.18"]
[White "Talipov, Nafis"]
[Black "Vucic, Mihovil"]
[Result "1-0"]
[WhiteElo "2021"]
[BlackElo "1832"]
[PlyCount "69"]
[EventDate "2007.09.14"]
[EventType "swiss"]
[EventRounds "9"]
[EventCountry "CRO"]
[Source "lmi"]
[SourceDate "2007.09.14"]

1. d4 d5 2. e3 Nf6 3. Bd3 e6 4. f4 Ne4 5. Nd2 Qh4+ 6. g3 Nxg3 7. Ngf3 Qh6 8.
Rg1 Nf5 9. Qe2 Be7 10. e4 dxe4 11. Nxe4 Bd7 12. Bd2 Bc6 13. O-O-O Nd7 14. Bb5
Bxb5 15. Qxb5 O-O-O 16. Kb1 Nb6 17. Bc1 Qh5 18. Rgf1 Kb8 19. c3 Nd5 20. Rde1
Nd6 21. Qd3 Nxe4 22. Rxe4 Qf5 23. Rg1 Bf6 24. Ka1 g6 25. Qe2 Rd6 26. Ne5 Bxe5
27. fxe5 Rd7 28. Rg5 Qh3 29. Rg3 Qf5 30. Rh4 h6 31. Rf3 Nf4 32. Rhxf4 Qg5 33.
Be3 Qh5 34. Qf2 Rh7 35. Rh4 1-0

[Event "17. Europa ch Juvenil - Masculino s12"]
[Site "Sibenik CRO"]
[Date "2007.09.16"]
[Round "3.19"]
[White "Lapidus, Mark"]
[Black "Spornberger, Maximilian"]
[Result "1-0"]
[WhiteElo "1821"]
[BlackElo "2016"]
[PlyCount "91"]
[EventDate "2007.09.14"]
[EventType "swiss"]
[EventRounds "9"]
[EventCountry "CRO"]
[Source "lmi"]
[SourceDate "2007.09.14"]

1. Nf3 Nf6 2. c4 g6 3. d4 Bg7 4. Nc3 O-O 5. Bg5 d6 6. e3 Nbd7 7. Be2 h6 8. Bh4
b6 9. O-O Bb7 10. Qc2 e5 11. Rad1 g5 12. Bg3 Nh5 13. dxe5 Nxg3 14. hxg3 Nxe5
15. Nd4 g4 16. Nf5 Qg5 17. Nd5 Qh5 18. Qe4 Kh8 19. Qf4 Bxd5 20. cxd5 Bf6 21.
Nxd6 Nf3+ 22. Bxf3 Be5 23. Qxg4 Qxg4 24. Bxg4 Bxd6 25. Bf5 Rg8 26. g4 h5 27.
gxh5 Rg5 28. g4 Rag8 29. Kh1 Kg7 30. f4 Rxf5 31. gxf5 Kh6 32. Rg1 Re8 33. Rd3
Bc5 34. Re1 Kxh5 35. Kg2 Rg8+ 36. Kf3 Be7 37. Rh1+ Bh4 38. Rd2 Rg3+ 39. Ke4 a5
40. Rdh2 Rg4 41. a4 f6 42. b3 b5 43. axb5 a4 44. bxa4 c6 45. dxc6 Rxf4+ 46.
Kxf4 1-0

[Event "17. Europa ch Juvenil - Masculino s12"]
[Site "Sibenik CRO"]
[Date "2007.09.16"]
[Round "3.20"]
[White "Williams, Peter Arthur"]
[Black "Tallo Dominguez, Imar"]
[Result "1/2-1/2"]
[WhiteElo "1816"]
[BlackElo "1993"]
[PlyCount "64"]
[EventDate "2007.09.14"]
[EventType "swiss"]
[EventRounds "9"]
[EventCountry "CRO"]
[Source "lmi"]
[SourceDate "2007.09.14"]

1. d4 Nf6 2. c4 Nc6 3. Nc3 e5 4. d5 Ne7 5. e4 Ng6 6. Bd3 Bb4 7. Bd2 a5 8. a3
Bxc3 9. Bxc3 a4 10. Ne2 d6 11. O-O O-O 12. f4 Ng4 13. Qe1 exf4 14. Nxf4 N4e5
15. Nxg6 hxg6 16. Qg3 Qe7 17. Rae1 b6 18. Bd4 Re8 19. Bxe5 dxe5 20. Rf2 Ra5 21.
Qe3 Rc5 22. Ref1 Rf8 23. Qe2 Qg5 24. Qd2 Qd8 25. Qc3 Qe7 26. Qb4 Qd7 27. Bc2
Ra5 28. Rf3 Ba6 29. Bd3 Rc5 30. Rh3 Ra8 31. Rff3 Bc8 32. Rhg3 Ba6 1/2-1/2

[Event "17. Europa ch Juvenil - Masculino s12"]
[Site "Sibenik CRO"]
[Date "2007.09.17"]
[Round "4.1"]
[White "Nyzhnyk, Illya"]
[Black "Grigoryan, Karen H"]
[Result "1-0"]
[WhiteElo "2341"]
[BlackElo "2150"]
[PlyCount "73"]
[EventDate "2007.09.14"]
[EventType "swiss"]
[EventRounds "9"]
[EventCountry "CRO"]
[Source "lmi"]
[SourceDate "2007.09.14"]

1. e4 c5 2. Nf3 Nf6 3. Nc3 d5 4. Bb5+ Bd7 5. Bxd7+ Qxd7 6. e5 Ne4 7. Ne2 c4 8.
d3 cxd3 9. cxd3 Nc5 10. O-O g6 11. d4 Ne6 12. Ng5 Nxg5 13. Bxg5 Bg7 14. Nc3 O-O
15. Qb3 Rd8 16. Rad1 f6 17. exf6 exf6 18. Bf4 Nc6 19. Rfe1 Rac8 20. Nxd5 Kh8
21. Bg3 f5 22. Nc3 Nxd4 23. Qb4 f4 24. Bh4 Re8 25. Rxe8+ Rxe8 26. f3 Ne2+ 27.
Kf1 Qe6 28. Ne4 Qa6 29. Kf2 Rc8 30. Rd6 b6 31. Qd2 h6 32. Qxe2 Qxa2 33. Bf6 Qa4
34. Bxg7+ Kxg7 35. Nc3 Qb4 36. Qe7+ Kh8 37. Rd8+ 1-0

[Event "17. Europa ch Juvenil - Masculino s12"]
[Site "Sibenik CRO"]
[Date "2007.09.17"]
[Round "4.2"]
[White "Bajarani, Ulvi"]
[Black "Chernyavskiy, Alexander"]
[Result "1/2-1/2"]
[WhiteElo "2164"]
[BlackElo "2259"]
[PlyCount "26"]
[EventDate "2007.09.14"]
[EventType "swiss"]
[EventRounds "9"]
[EventCountry "CRO"]
[Source "lmi"]
[SourceDate "2007.09.14"]

1. c4 c5 2. g3 g6 3. Bg2 Bg7 4. Nc3 Nc6 5. Nf3 e6 6. O-O Nge7 7. e3 O-O 8. d4
d6 9. a3 b6 10. b3 Ba6 11. Re1 Rc8 12. Bb2 Re8 13. Rc1 Nf5 1/2-1/2

[Event "17. Europa ch Juvenil - Masculino s12"]
[Site "Sibenik CRO"]
[Date "2007.09.17"]
[Round "4.3"]
[White "Savitskiy, Sergey"]
[Black "Fedoseev, Vladimir"]
[Result "1-0"]
[WhiteElo "2127"]
[BlackElo "2237"]
[PlyCount "71"]
[EventDate "2007.09.14"]
[EventType "swiss"]
[EventRounds "9"]
[EventCountry "CRO"]
[Source "lmi"]
[SourceDate "2007.09.14"]

1. e4 c5 2. Nf3 d6 3. d4 cxd4 4. Nxd4 Nf6 5. Nc3 a6 6. Be3 Ng4 7. Bg5 h6 8. Bh4
g5 9. Bg3 Bg7 10. h3 Ne5 11. Nf5 Bxf5 12. exf5 Nbc6 13. Nd5 e6 14. fxe6 fxe6
15. Ne3 Qa5+ 16. c3 Nf3+ 17. Qxf3 Bxc3+ 18. Kd1 Qa4+ 19. Kc1 Bxb2+ 20. Kxb2
Qb4+ 21. Kc1 Nd4 22. Qh5+ Ke7 23. Bd3 Qc3+ 24. Bc2 Nxc2 25. Nxc2 Rac8 26. Bxd6+
Kxd6 27. Qd1+ Ke7 28. Rb1 Qc6 29. f3 Rhd8 30. Qe2 Rd5 31. Rb2 Rcd8 32. Re1 Qd7
33. Rb3 Rd2 34. Qe4 Qd6 35. Qh7+ Ke8 36. Qg8+ 1-0

[Event "17. Europa ch Juvenil - Masculino s12"]
[Site "Sibenik CRO"]
[Date "2007.09.17"]
[Round "4.4"]
[White "Bukavshin, Ivan"]
[Black "Lugovskoy, Maxim"]
[Result "1-0"]
[WhiteElo "2250"]
[BlackElo "2041"]
[PlyCount "79"]
[EventDate "2007.09.14"]
[EventType "swiss"]
[EventRounds "9"]
[EventCountry "CRO"]
[Source "lmi"]
[SourceDate "2007.09.14"]

1. e4 c6 2. d4 d5 3. e5 Bf5 4. c4 dxc4 5. Bxc4 e6 6. Nc3 Nd7 7. a3 Bg6 8. Nge2
Ne7 9. h4 h6 10. Nf4 Nb6 11. Bxe6 fxe6 12. Nxg6 Nxg6 13. Qh5 Kf7 14. Rh3 Qxd4
15. Rf3+ Kg8 16. Qxg6 Qxe5+ 17. Ne4 Nd5 18. Kf1 Be7 19. Qf7+ Kh7 20. Ng5+ Bxg5
21. hxg5 Rhd8 22. Rh3 Kh8 23. g6 h5 24. Bh6 Nf4 25. Qxf4 Qxb2 26. Re1 Rf8 27.
Qe3 Qb5+ 28. Kg1 Qf5 29. Rg3 Rad8 30. Rg5 Qf4 31. Rg3 Qf5 32. f3 Rd3 33. Qc1
Qd5 34. Be3 Kg8 35. Kf2 e5 36. Rh1 e4 37. Rg5 Qa2+ 38. Kg3 exf3 39. gxf3 Qe2
40. Qc4+ 1-0

[Event "17. Europa ch Juvenil - Masculino s12"]
[Site "Sibenik CRO"]
[Date "2007.09.17"]
[Round "4.5"]
[White "Dubov, Daniil"]
[Black "Omelyanchuk, Viktor"]
[Result "1-0"]
[WhiteElo "2177"]
[BlackElo "2048"]
[PlyCount "83"]
[EventDate "2007.09.14"]
[EventType "swiss"]
[EventRounds "9"]
[EventCountry "CRO"]
[Source "lmi"]
[SourceDate "2007.09.14"]

1. d4 d5 2. c4 e6 3. Nc3 c6 4. e4 dxe4 5. Nxe4 Bb4+ 6. Bd2 Qxd4 7. Bxb4 Qxe4+
8. Be2 Na6 9. Bd6 e5 10. Nf3 Bg4 11. O-O O-O-O 12. Bd3 Qf4 13. Bxe5 Qxe5 14.
Nxe5 Bxd1 15. Bf5+ Kc7 16. Nxf7 Nh6 17. Nxh8 Nxf5 18. Nf7 Rf8 19. Ng5 Bc2 20.
Ne6+ Kd6 21. Nxf8 Nd4 22. Rfe1 Nb4 23. c5+ Kd5 24. Re7 b6 25. cxb6 axb6 26.
Rxg7 Kc4 27. Nd7 Kd3 28. Nxb6 Kd2 29. Nc4+ Kd3 30. Ne3 Ba4 31. Rxh7 Ne2+ 32.
Kf1 Bb5 33. a4 Ba6 34. Ra7 Nd4 35. Rxa6 Nxa6 36. Rd1+ Ke4 37. h4 c5 38. h5 Ke5
39. f4+ Kf6 40. g4 Nc7 41. g5+ Kg7 42. Nf5+ 1-0

[Event "17. Europa ch Juvenil - Masculino s12"]
[Site "Sibenik CRO"]
[Date "2007.09.17"]
[Round "4.6"]
[White "Gabuzyan, Hovhannes"]
[Black "Yudin, Ivan"]
[Result "1/2-1/2"]
[WhiteElo "2030"]
[BlackElo "2166"]
[PlyCount "50"]
[EventDate "2007.09.14"]
[EventType "swiss"]
[EventRounds "9"]
[EventCountry "CRO"]
[Source "lmi"]
[SourceDate "2007.09.14"]

1. Nf3 d5 2. g3 Nf6 3. Bg2 c6 4. O-O Bg4 5. d3 Nbd7 6. Nbd2 e5 7. e4 Be7 8. Re1
dxe4 9. Nxe4 Nxe4 10. Rxe4 Bf5 11. Re1 Bg4 12. h3 Bxf3 13. Qxf3 O-O 14. Be3 f5
15. Qe2 Bd6 16. g4 f4 17. Bd2 Qh4 18. Qf3 Rae8 19. d4 Kh8 20. Bc3 e4 21. Rxe4
Rxe4 22. Qxe4 f3 23. Bf1 Nf6 24. Qe6 Bb8 25. Qf5 Bd6 1/2-1/2

[Event "17. Europa ch Juvenil - Masculino s12"]
[Site "Sibenik CRO"]
[Date "2007.09.17"]
[Round "4.8"]
[White "Musialkiewicz, Jan"]
[Black "Pagerka, Martin"]
[Result "1/2-1/2"]
[WhiteElo "1926"]
[BlackElo "2094"]
[PlyCount "105"]
[EventDate "2007.09.14"]
[EventType "swiss"]
[EventRounds "9"]
[EventCountry "CRO"]
[Source "lmi"]
[SourceDate "2007.09.14"]

1. c4 e5 2. Nc3 Nf6 3. g3 d5 4. cxd5 Nxd5 5. Bg2 Nb6 6. Nf3 Nc6 7. O-O Be7 8.
d3 Be6 9. Bd2 O-O 10. Qc1 f6 11. Ne4 Bd5 12. Nc5 Bxc5 13. Qxc5 Qd7 14. a4 Bxf3
15. Bxf3 Nd4 16. Ra3 c6 17. Re1 Nxf3+ 18. exf3 Qd5 19. Qe3 Qd6 20. Qe4 Rad8 21.
f4 Rfe8 22. f5 Qd4 23. Qxd4 Rxd4 24. a5 Nd5 25. Re4 h5 26. Be3 Nxe3 27. Rxe3
Red8 28. Kf1 Kf7 29. Ke2 Rb4 30. b3 Rd5 31. Re4 Rbb5 32. a6 b6 33. Rc4 Rd6 34.
f4 Rbd5 35. b4 exf4 36. Rxf4 Re5+ 37. Kd2 c5 38. bxc5 bxc5 39. Kc3 Re1 40. Rf2
Rc1+ 41. Kb2 Re1 42. Kc3 Rb1 43. Rb2 Rxd3+ 44. Kxd3 Rxb2 45. Ra5 Ke7 46. Rxc5
Kd6 47. Rc8 Ra2 48. Rg8 Rxa6 49. Rxg7 Ke5 50. Rh7 Kxf5 51. Rxh5+ Kg6 52. Rh8
Ra2 53. Kc3 1/2-1/2

[Event "17. Europa ch Juvenil - Masculino s12"]
[Site "Sibenik CRO"]
[Date "2007.09.17"]
[Round "4.9"]
[White "Tejedor Fuentes, Enrique"]
[Black "Nikologorskiy, Konstantin"]
[Result "1/2-1/2"]
[WhiteElo "1918"]
[BlackElo "2084"]
[PlyCount "107"]
[EventDate "2007.09.14"]
[EventType "swiss"]
[EventRounds "9"]
[EventCountry "CRO"]
[Source "lmi"]
[SourceDate "2007.09.14"]

1. e4 c5 2. Nf3 d6 3. d4 cxd4 4. Nxd4 Nf6 5. Nc3 a6 6. Be2 e5 7. Nb3 Be6 8. O-O
Nbd7 9. Kh1 Be7 10. Bf3 O-O 11. Be3 Rc8 12. Qd2 Qc7 13. Rac1 b5 14. Nd5 Nxd5
15. exd5 Bf5 16. Na5 Nb6 17. Bxb6 Qxb6 18. Nc6 Bf6 19. Qb4 Qc7 20. a4 Bg5 21.
axb5 Bxc1 22. b6 Qb7 23. Rxc1 Kh8 24. c4 e4 25. Be2 Bd7 26. Na5 Qb8 27. b7 Rc5
28. Qb6 Rxa5 29. Qxa5 Qxb7 30. Qa3 Qb6 31. Kg1 Rb8 32. Rc2 h6 33. Kf1 a5 34.
Ke1 a4 35. h3 f5 36. g3 f4 37. gxf4 Bf5 38. Bg4 Bh7 39. Qe3 Qa5+ 40. Qd2 Qc5
41. Qe3 Qb4+ 42. Qd2 Qc5 43. Qe3 Qa5+ 44. Qd2 Qc7 45. Qd4 Rb4 46. f5 h5 47.
Qxe4 Qf7 48. Be2 Bxf5 49. Qf4 Qg6 50. Qd2 Rb3 51. Rc3 Qg1+ 52. Bf1 Bxh3 53. Qe2
Rxc3 54. Qxh5+ 1/2-1/2

[Event "17. Europa ch Juvenil - Masculino s12"]
[Site "Sibenik CRO"]
[Date "2007.09.17"]
[Round "4.10"]
[White "Pardo Simon, David"]
[Black "Dicu, Razvan-Stefan"]
[Result "1-0"]
[WhiteElo "2080"]
[BlackElo "1914"]
[PlyCount "57"]
[EventDate "2007.09.14"]
[EventType "swiss"]
[EventRounds "9"]
[EventCountry "CRO"]
[Source "lmi"]
[SourceDate "2007.09.14"]

1. e4 e5 2. Nf3 Nc6 3. d4 exd4 4. Nxd4 Nf6 5. Nc3 Bb4 6. Nxc6 bxc6 7. Bd3 O-O
8. O-O d6 9. Bg5 h6 10. Bh4 Re8 11. f4 Bc5+ 12. Kh1 a5 13. e5 g5 14. Bxg5 hxg5
15. exf6 g4 16. Ne4 Bd4 17. f5 Bxf6 18. Qxg4+ Kf8 19. Qf4 Ba6 20. Bxa6 Rxa6 21.
Rae1 Rb6 22. Qh6+ Bg7 23. Qh5 Bf6 24. Ng5 Qd7 25. Nh7+ Kg7 26. Rxe8 Qxe8 27.
Nxf6 Qe5 28. Qg5+ Kf8 29. Nd7+ 1-0

[Event "17. Europa ch Juvenil - Masculino s12"]
[Site "Sibenik CRO"]
[Date "2007.09.17"]
[Round "4.11"]
[White "Eltigani, Omar"]
[Black "Andersen, Mads"]
[Result "0-1"]
[WhiteElo "1912"]
[BlackElo "2070"]
[PlyCount "96"]
[EventDate "2007.09.14"]
[EventType "swiss"]
[EventRounds "9"]
[EventCountry "CRO"]
[Source "lmi"]
[SourceDate "2007.09.14"]

1. d4 Nf6 2. c4 g6 3. Nc3 d5 4. Nf3 Bg7 5. Bf4 O-O 6. Rc1 dxc4 7. e4 Bg4 8.
Bxc4 Nh5 9. Be3 Bxf3 10. gxf3 e5 11. d5 a6 12. a4 Nd7 13. Ne2 Qh4 14. Qd2 Qh3
15. Ng3 Ndf6 16. Ke2 Qd7 17. Qc3 Nf4+ 18. Ke1 Ne8 19. Qb3 Nd6 20. Bf1 Rfc8 21.
Ne2 Nxe2 22. Bxe2 c6 23. dxc6 Rxc6 24. Rxc6 Qxc6 25. Kf1 Rc8 26. Bd3 Nc4 27.
Bxc4 Qxc4+ 28. Qxc4 Rxc4 29. Kg2 Rxa4 30. Rc1 Bf8 31. b3 Ra5 32. Bg5 Kg7 33. f4
exf4 34. Bxf4 Rb5 35. Rc3 Kf6 36. h4 Ke6 37. Rd3 Be7 38. Kh3 Rh5 39. Bg3 Bxh4
40. Rd6+ Ke7 41. Rb6 Bxg3+ 42. Kxg3 Rb5 43. Rxb5 axb5 44. b4 Ke6 45. f4 f6 46.
Kf3 h5 47. Kg3 g5 48. e5 gxf4+ 0-1

[Event "17. Europa ch Juvenil - Masculino s12"]
[Site "Sibenik CRO"]
[Date "2007.09.17"]
[Round "4.12"]
[White "Srbis, Jurica"]
[Black "Blazeka, Matej"]
[Result "1/2-1/2"]
[WhiteElo "2055"]
[BlackElo "1910"]
[PlyCount "105"]
[EventDate "2007.09.14"]
[EventType "swiss"]
[EventRounds "9"]
[EventCountry "CRO"]
[Source "lmi"]
[SourceDate "2007.09.14"]

1. e4 e5 2. Nf3 Nc6 3. Bb5 a6 4. Ba4 Nf6 5. O-O Be7 6. Re1 b5 7. Bb3 d6 8. c3
O-O 9. h3 Na5 10. Bc2 c5 11. d4 Qc7 12. Nbd2 Bd7 13. Nf1 Rfc8 14. Bb1 Nc4 15.
Ng3 Rab8 16. d5 a5 17. Nh2 Nb6 18. Ng4 c4 19. Nxf6+ Bxf6 20. f4 Bh4 21. Qf3 f6
22. Rf1 Bxg3 23. Qxg3 Rf8 24. Bc2 Be8 25. fxe5 fxe5 26. Rxf8+ Kxf8 27. Be3 Kg8
28. Rf1 Bg6 29. h4 Nxd5 30. exd5 Bxc2 31. h5 Bd3 32. Rf2 Rf8 33. Qg4 Rxf2 34.
Bxf2 h6 35. Qe6+ Kh7 36. Bh4 Qc5+ 37. Bf2 Qc7 38. Bh4 Qc5+ 39. Kh2 Be4 40. Qd7
Qxd5 41. Bf6 Qb7 42. Qxb7 Bxb7 43. Bd8 d5 44. Bxa5 d4 45. cxd4 exd4 46. g4 Kg8
47. Bd2 Kf7 48. Kg3 Kf6 49. Kf4 Ke6 50. Be1 Kf6 51. Bd2 Ke6 52. Be1 Kf6 53. Bd2
1/2-1/2

[Event "17. Europa ch Juvenil - Masculino s12"]
[Site "Sibenik CRO"]
[Date "2007.09.17"]
[Round "4.13"]
[White "Dragun, Kamil"]
[Black "Lukovic, Vladimir"]
[Result "1-0"]
[WhiteElo "2050"]
[BlackElo "1898"]
[PlyCount "93"]
[EventDate "2007.09.14"]
[EventType "swiss"]
[EventRounds "9"]
[EventCountry "CRO"]
[Source "lmi"]
[SourceDate "2007.09.14"]

1. e4 e5 2. Nf3 Nc6 3. Bb5 a6 4. Ba4 Nf6 5. O-O Be7 6. Re1 b5 7. Bb3 d6 8. c3
O-O 9. h3 Na5 10. Bc2 c5 11. d4 Qc7 12. Nbd2 cxd4 13. cxd4 Nc6 14. d5 Nb4 15.
Bb1 a5 16. Nf1 Bd7 17. Bd2 Na6 18. N3h2 Qb6 19. Ng3 Ne8 20. Be3 Nc5 21. Qd2 g6
22. Kh1 Bh4 23. Ne2 f5 24. Nf3 Be7 25. exf5 Bxf5 26. Bxf5 Rxf5 27. Ng3 Rf8 28.
Rac1 Rc8 29. Bxc5 Rxc5 30. Rxc5 Qxc5 31. Ne4 Qb6 32. Rc1 Nf6 33. Nfg5 Qb7 34.
Nxf6+ Rxf6 35. Ne4 Rf4 36. f3 b4 37. Qd3 Rf8 38. Rc6 Rc8 39. Qc4 Rd8 40. Rc7
Qb8 41. Rxe7 Rc8 42. Qa6 Rc1+ 43. Kh2 Qf8 44. Qxd6 Qf4+ 45. Ng3 Rh1+ 46. Kxh1
Qxg3 47. Qd8# 1-0

[Event "17. Europa ch Juvenil - Masculino s12"]
[Site "Sibenik CRO"]
[Date "2007.09.17"]
[Round "4.14"]
[White "Shurunov, Arseniy"]
[Black "Lapidus, Mark"]
[Result "1-0"]
[WhiteElo "2037"]
[BlackElo "1821"]
[PlyCount "125"]
[EventDate "2007.09.14"]
[EventType "swiss"]
[EventRounds "9"]
[EventCountry "CRO"]
[Source "lmi"]
[SourceDate "2007.09.14"]

1. e4 e6 2. d4 d5 3. Nd2 dxe4 4. Nxe4 Nd7 5. Nf3 Ngf6 6. Ng3 Be7 7. Bd3 O-O 8.
O-O c5 9. c3 Qc7 10. Re1 Re8 11. Be3 b6 12. Qd2 Bb7 13. Bf4 Qc6 14. Qe2 a6 15.
Qf1 Nd5 16. Bd2 Qc7 17. Ne5 cxd4 18. cxd4 Bf6 19. f4 g6 20. Ne4 Nf8 21. Rac1
Qd8 22. Qf2 Bg7 23. Rc2 f5 24. Ng5 Qe7 25. Ngf3 Rac8 26. Rec1 Rxc2 27. Rxc2 Rc8
28. Rxc8 Bxc8 29. Qf1 a5 30. Qc1 Bb7 31. Bb5 Qc7 32. Qxc7 Nxc7 33. Bc4 Nd5 34.
Kf2 Bf6 35. Ke2 Kg7 36. Kd3 Bd8 37. Bb5 Nc7 38. Bc6 Ba6+ 39. Kc2 Kf6 40. Be1
Kg7 41. b4 axb4 42. Bxb4 Nd5 43. Bxd5 exd5 44. Nc6 Bc7 45. Ng5 Bc8 46. Bxf8+
Kxf8 47. g3 h6 48. Nf3 Bd6 49. Kc3 Kf7 50. Nfe5+ Kf6 51. Nb4 Be6 52. Kb3 g5 53.
Ka4 gxf4 54. gxf4 Bc7 55. Kb5 Bd6 56. Nbd3 Bc7 57. Kc6 Bd8 58. Nb4 b5 59. Kxb5
Be7 60. a4 Bd6 61. a5 Bxe5 62. dxe5+ Ke7 63. a6 1-0

[Event "17. Europa ch Juvenil - Masculino s12"]
[Site "Sibenik CRO"]
[Date "2007.09.17"]
[Round "4.15"]
[White "Seidl, Stepan"]
[Black "Talipov, Nafis"]
[Result "0-1"]
[WhiteElo "1789"]
[BlackElo "2021"]
[PlyCount "78"]
[EventDate "2007.09.14"]
[EventType "swiss"]
[EventRounds "9"]
[EventCountry "CRO"]
[Source "lmi"]
[SourceDate "2007.09.14"]

1. e4 c6 2. Nf3 d5 3. Nc3 dxe4 4. Nxe4 Nf6 5. Nxf6+ gxf6 6. d4 Bg4 7. Be2 Qc7
8. h3 Bh5 9. b3 e6 10. Bb2 Nd7 11. Nd2 Bg6 12. Bh5 Bh6 13. Bxg6 hxg6 14. c4
O-O-O 15. c5 Nxc5 16. Qc2 Nd7 17. O-O-O Rhe8 18. Kb1 e5 19. Ne4 f5 20. Nc5 e4
21. g4 Nb6 22. gxf5 gxf5 23. f3 Nd5 24. Bc1 Bxc1 25. Rxc1 b6 26. fxe4 Nb4 27.
Qc4 bxc5 28. Qxc5 Qb7 29. a3 Na6 30. Qxc6+ Qxc6 31. Rxc6+ Kb7 32. Rf6 fxe4 33.
Rxf7+ Kb8 34. Rd1 e3 35. Kc2 e2 36. Re1 Rxd4 37. Rf2 Rc8+ 38. Kb2 Rd2+ 39. Ka1
Rd1+ 0-1

[Event "17. Europa ch Juvenil - Masculino s12"]
[Site "Sibenik CRO"]
[Date "2007.09.17"]
[Round "4.16"]
[White "Hiti, Domen"]
[Black "Emiroglu, Cankut"]
[Result "1/2-1/2"]
[WhiteElo "1739"]
[BlackElo "1990"]
[PlyCount "71"]
[EventDate "2007.09.14"]
[EventType "swiss"]
[EventRounds "9"]
[EventCountry "CRO"]
[Source "lmi"]
[SourceDate "2007.09.14"]

1. d4 Nf6 2. c4 e6 3. Nf3 Bb4+ 4. Bd2 Qe7 5. a3 Bxd2+ 6. Qxd2 d6 7. Nc3 e5 8.
dxe5 dxe5 9. e4 c6 10. Qg5 O-O 11. Qxe5 Qxe5 12. Nxe5 Re8 13. f4 Nbd7 14. Nxd7
Nxe4 15. Ne5 Nxc3 16. bxc3 f6 17. O-O-O fxe5 18. fxe5 Bf5 19. Re1 Re7 20. c5
Rae8 21. Bc4+ Be6 22. Bd3 Bd5 23. c4 Bxg2 24. Rhg1 Bh3 25. Rg3 Be6 26. h4 Kh8
27. Rf3 Kg8 28. Kc2 Rf7 29. Rxf7 Bxf7 30. Kc3 g6 31. Kd4 Rd8+ 32. Ke3 Kg7 33.
a4 Re8 34. Kf4 Rf8 35. Ke3 Re8 36. Kf4 1/2-1/2

[Event "17. Europa ch Juvenil - Masculino s12"]
[Site "Sibenik CRO"]
[Date "2007.09.18"]
[Round "5.1"]
[White "Savitskiy, Sergey"]
[Black "Nyzhnyk, Illya"]
[Result "0-1"]
[WhiteElo "2127"]
[BlackElo "2341"]
[PlyCount "82"]
[EventDate "2007.09.14"]
[EventType "swiss"]
[EventRounds "9"]
[EventCountry "CRO"]
[Source "lmi"]
[SourceDate "2007.09.14"]

1. e4 c5 2. Nf3 Nc6 3. Bb5 d6 4. O-O Bd7 5. c3 a6 6. Ba4 Nf6 7. Re1 b5 8. Bc2
Bg4 9. h3 Bxf3 10. Qxf3 g6 11. d3 Bg7 12. Be3 Nd7 13. a3 O-O 14. Nd2 a5 15. Nb3
a4 16. Nd2 Qc7 17. Qg3 Ra6 18. Rac1 Qb7 19. Bb1 b4 20. axb4 cxb4 21. Nc4 a3 22.
bxa3 bxc3 23. Bc2 Nde5 24. Rb1 Qc7 25. Nb6 Rxa3 26. Nd5 Qd8 27. Bc1 Nd4 28.
Bxa3 Nxc2 29. Bb4 Nxe1 30. Rxe1 e6 31. Ne3 Nxd3 32. Rb1 Qb6 33. Nc2 Nxb4 34.
Rxb4 Qc6 35. Qd3 Rc8 36. g3 h6 37. Rb1 Ra8 38. Rd1 Ra4 39. Qxd6 Qxd6 40. Rxd6
Ra2 41. Nb4 Rb2 0-1

[Event "17. Europa ch Juvenil - Masculino s12"]
[Site "Sibenik CRO"]
[Date "2007.09.18"]
[Round "5.2"]
[White "Chernyavskiy, Alexander"]
[Black "Dubov, Daniil"]
[Result "1/2-1/2"]
[WhiteElo "2259"]
[BlackElo "2177"]
[PlyCount "77"]
[EventDate "2007.09.14"]
[EventType "swiss"]
[EventRounds "9"]
[EventCountry "CRO"]
[Source "lmi"]
[SourceDate "2007.09.14"]

1. c4 c6 2. g3 d5 3. Bg2 Nf6 4. Nf3 Bg4 5. Qb3 Qb6 6. d4 Nbd7 7. Nc3 e6 8. c5
Qxb3 9. axb3 Bxf3 10. Bxf3 e5 11. e3 a6 12. b4 Rd8 13. O-O g6 14. e4 dxe4 15.
Nxe4 Nxe4 16. Bxe4 Nf6 17. Bg2 Rxd4 18. b5 axb5 19. Re1 Nd7 20. Ra7 Nxc5 21.
Rxe5+ Ne6 22. Re1 Bb4 23. Rf1 Rd7 24. Ra8+ Rd8 25. Ra7 Rb8 26. Be3 Bc5 27. Rxb7
Rxb7 28. Bxc6+ Rd7 29. Rd1 Bxe3 30. Bxd7+ Ke7 31. Bxe6 Bxf2+ 32. Kxf2 Kxe6 33.
Rc1 Rd8 34. Ke3 Rd7 35. b4 h5 36. Rc5 Rd5 37. Rc6+ Kf5 38. Rc7 f6 39. Rc6
1/2-1/2